Specialist trade contracting - a review. (Record no. 96341)
[ view plain ]
| 000 -LEADER | |
|---|---|
| fixed length control field | 01147cam a2200301 4500 |
| 008 - FIXED-LENGTH DATA ELEMENTS--GENERAL INFORMATION | |
| fixed length control field | 090401t1997 xxu||||| |||| 00| 0 eng d |
| 020 ## - INTERNATIONAL STANDARD BOOK NUMBER | |
| International Standard Book Number | 0860174654 |
| 035 ## - SYSTEM CONTROL NUMBER | |
| System control number | (Sirsi) u77652 |
| 041 ## - LANGUAGE CODE | |
| Language code of text/sound track or separate title | eng |
| 050 ## - LIBRARY OF CONGRESS CALL NUMBER | |
| Classification number | 692.8 |
| 100 ## - MAIN ENTRY--PERSONAL NAME | |
| Personal name | Hughes, W. |
| 245 ## - TITLE STATEMENT | |
| Title | Specialist trade contracting - a review. |
| 260 ## - PUBLICATION, DISTRIBUTION, ETC. | |
| Place of publication, distribution, etc. | London |
| Name of publisher, distributor, etc. | CIRIA |
| Date of publication, distribution, etc. | 1997 |
| 300 ## - PHYSICAL DESCRIPTION | |
| Extent | 102p. ; 30cm. |
| 350 ## - PRICE (NR) (BK AM CF MU VM SE) [OBSOLETE] | |
| Price | 40 |
| 490 ## - SERIES STATEMENT | |
| Series statement | CIRIA Special Publication |
| Volume/sequential designation | 138 |
| 520 ## - SUMMARY, ETC. | |
| Summary, etc. | Examines the nature of specialist trade contracting with the aim of promoting a positive approach to the good management of the relationships between clients, designers, contractors and specialist trade contractors. Includes sections on the integration of specilist contractor design into the overall design and the influence of production processes upon design. |
| 650 ## - SUBJECT ADDED ENTRY--TOPICAL TERM | |
| Topical term or geographic name entry element | CONSTRUCTION INDUSTRY |
| 650 ## - SUBJECT ADDED ENTRY--TOPICAL TERM | |
| Topical term or geographic name entry element | CONTRACTORS |
| 650 ## - SUBJECT ADDED ENTRY--TOPICAL TERM | |
| Topical term or geographic name entry element | SUBCONTRACTORS |
| 650 ## - SUBJECT ADDED ENTRY--TOPICAL TERM | |
| Topical term or geographic name entry element | TRADE CONTRACTORS |
| 690 ## - LOCAL SUBJECT ADDED ENTRY--TOPICAL TERM (OCLC, RLIN) | |
| Topical term or geographic name as entry element | BUILT ENVIRONMENT |
| 700 ## - ADDED ENTRY--PERSONAL NAME | |
| Personal name | Gray, C. |
| 700 ## - ADDED ENTRY--PERSONAL NAME | |
| Personal name | Murdoch, J. |
| 710 ## - ADDED ENTRY--CORPORATE NAME | |
| Corporate name or jurisdiction name as entry element | Construction Industry Research and Information Association |
| 9 (RLIN) | 4810 |
| 942 ## - ADDED ENTRY ELEMENTS (KOHA) | |
| Suppress in OPAC | 0 |
| 948 ## - LOCAL PROCESSING INFORMATION (OCLC); SERIES PART DESIGNATOR (RLIN) | |
| c (OCLC) | 08/04/1997 |
| Withdrawn status | Lost status | Source of classification or shelving scheme | Damaged status | Not for loan | Home library | Current library | Shelving location | Date acquired | Cost, normal purchase price | Total Checkouts | Full call number | Barcode | Date last seen | Date last checked out | Copy number | Cost, replacement price | Price effective from | Koha item type |
|---|---|---|---|---|---|---|---|---|---|---|---|---|---|---|---|---|---|---|
| Dewey Decimal Classification | London | London | Folio | 14/09/1999 | 40.00 | 9 | F692.8 | 30052641 | 06/08/2019 | 16/05/2007 | 1 | 40.00 | 06/08/2019 | Book |